000 00346 a2200157 4500
001 56392
020 _a8532517668
040 _cAnchieta - Pituba
100 _aAlecrim, Alberto
240 1 0 _aA história de Dani-boy
_lpor
245 1 0 _aA história de Dani-boy
300 _a99
362 0 _a2005
650 4 _aLiteratura juvenil
942 _cBK
999 _c56392
_d56392